<?xml version="1.0" encoding="UTF-8"?>
<record
    xmlns:xsi="http://www.w3.org/2001/XMLSchema-instance"
    xsi:schemaLocation="http://www.loc.gov/MARC21/slim http://www.loc.gov/standards/marcxml/schema/MARC21slim.xsd"
    xmlns="http://www.loc.gov/MARC21/slim">

  <leader>00646nam a22001817a 4500</leader>
  <controlfield tag="003">OSt</controlfield>
  <controlfield tag="005">20240530152547.0</controlfield>
  <controlfield tag="008">240530b           ||||| |||| 00| 0 eng d</controlfield>
  <datafield tag="040" ind1=" " ind2=" ">
    <subfield code="c">AIMIT LIBRARY</subfield>
  </datafield>
  <datafield tag="100" ind1=" " ind2=" ">
    <subfield code="a">Javali, Jayadeva.</subfield>
    <subfield code="e">202011</subfield>
    <subfield code="9">168602</subfield>
  </datafield>
  <datafield tag="245" ind1=" " ind2=" ">
    <subfield code="a">Video analytics :</subfield>
    <subfield code="b">object detection using deep neural networks /</subfield>
    <subfield code="c">By Jayadeva Javali ; Guided by Hemalatha N and Kevin Joy D Souza.</subfield>
  </datafield>
  <datafield tag="260" ind1=" " ind2=" ">
    <subfield code="a">Udupi</subfield>
    <subfield code="c">2022</subfield>
  </datafield>
  <datafield tag="650" ind1=" " ind2=" ">
    <subfield code="a">Data sources and format</subfield>
    <subfield code="9">168603</subfield>
  </datafield>
  <datafield tag="700" ind1=" " ind2=" ">
    <subfield code="a">N, Hemalatha.</subfield>
    <subfield code="e">Guide</subfield>
    <subfield code="9">168604</subfield>
  </datafield>
  <datafield tag="700" ind1=" " ind2=" ">
    <subfield code="a">D Souza, Kevin Joy.</subfield>
    <subfield code="e">Guide</subfield>
    <subfield code="9">168605</subfield>
  </datafield>
  <datafield tag="856" ind1=" " ind2=" ">
    <subfield code="3">Niveus Solutions Pvt Ltd</subfield>
    <subfield code="y">www.niveussolutions.com</subfield>
  </datafield>
  <datafield tag="942" ind1=" " ind2=" ">
    <subfield code="2">ddc</subfield>
    <subfield code="c">PRO</subfield>
  </datafield>
  <datafield tag="999" ind1=" " ind2=" ">
    <subfield code="c">230972</subfield>
    <subfield code="d">230972</subfield>
  </datafield>
  <datafield tag="952" ind1=" " ind2=" ">
    <subfield code="0">0</subfield>
    <subfield code="1">0</subfield>
    <subfield code="2">ddc</subfield>
    <subfield code="4">0</subfield>
    <subfield code="7">1</subfield>
    <subfield code="8">Project_BDA</subfield>
    <subfield code="a">AIMIT</subfield>
    <subfield code="b">AIMIT</subfield>
    <subfield code="c">PRB</subfield>
    <subfield code="d">2024-05-30</subfield>
    <subfield code="l">0</subfield>
    <subfield code="p">PBD00036</subfield>
    <subfield code="r">2024-05-30 00:00:00</subfield>
    <subfield code="t">202011</subfield>
    <subfield code="u">www.niveussolutions.com</subfield>
    <subfield code="w">2024-05-30</subfield>
    <subfield code="y">PRO</subfield>
  </datafield>
</record>
